Suicide in the young / (Record no. 129)

MARC details
000 -LEADER
fixed length control field 00815cam a2200301 a 4500
005 - DATE AND TIME OF LATEST TRANSACTION
control field 20260322212007.0
008 - FIXED-LENGTH DATA ELEMENTS--GENERAL INFORMATION
fixed length control field data
010 ## - LIBRARY OF CONGRESS CONTROL NUMBER
LC control number 83-23782
020 ## - INTERNATIONAL STANDARD BOOK NUMBER
International Standard Book Number 0723670595
020 ## - INTERNATIONAL STANDARD BOOK NUMBER
International Standard Book Number 9780723670599
040 ## - CATALOGING SOURCE
Original cataloging agency DNLM
Transcribing agency DNLM
041 09 - LANGUAGE CODE
Language code of text/sound track or separate title eng
044 ## - COUNTRY OF PUBLISHING/PRODUCING ENTITY CODE
-- United States
060 00 - NATIONAL LIBRARY OF MEDICINE CALL NUMBER
Classification number HV 6546
Item number S9485 1984
001 - CONTROL NUMBER
control field data
245 00 - TITLE STATEMENT
Title Suicide in the young /
Statement of responsibility, etc. edited by Howard S. Sudak, Amasa B. Ford & Norman B. Rushforth.
260 ## - PUBLICATION, DISTRIBUTION, ETC.
Place of publication, distribution, etc. Boston :
Name of publisher, distributor, etc. Wright-PSG,
Date of publication, distribution, etc. 1984.
300 ## - PHYSICAL DESCRIPTION
Extent xxiii, 445 p. :
Other physical details ill.
504 ## - BIBLIOGRAPHY, ETC. NOTE
Bibliography, etc. note Includes bibliographical references and index.
590 ## - LOCAL NOTE (RLIN)
Local note Includes bibliographies and index.
650 #2 - SUBJECT ADDED ENTRY--TOPICAL TERM
Topical term or geographic name entry element Suicide
650 22 - SUBJECT ADDED ENTRY--TOPICAL TERM
Topical term or geographic name entry element Adolescent
650 22 - SUBJECT ADDED ENTRY--TOPICAL TERM
Topical term or geographic name entry element Child
650 22 - SUBJECT ADDED ENTRY--TOPICAL TERM
Topical term or geographic name entry element Infant
700 1# - ADDED ENTRY--PERSONAL NAME
Personal name Sudak, Howard S.
700 1# - ADDED ENTRY--PERSONAL NAME
Personal name Ford, Amasa B.,
Dates associated with a name 1922-
700 1# - ADDED ENTRY--PERSONAL NAME
Personal name Rushforth, Norman B.
Holdings
Withdrawn status Lost status Damaged status Not for loan Home library Current library Shelving location Date acquired Total checkouts Full call number Barcode Date last seen Price effective from Koha item type
        Centerville Centerville General stacks 22/03/2026   GEN BC0010133 22/03/2026 22/03/2026 Books